| 000 | 01575nam a2200313 4500 | ||
|---|---|---|---|
| 001 | 294 | ||
| 003 | OSt | ||
| 005 | 20250528074017.0 | ||
| 008 | 250318b |||||||e |||| 00| f eng d | ||
| 040 | _bpor | ||
| 041 |
_hpor _apor |
||
| 082 |
_aB869.93 _bQ3p |
||
| 100 |
_aEça de Queiroz _d1845- 1900 _9571 |
||
| 240 | _aO primo Basílio | ||
| 245 |
_aO Primo Basílio / _cQueirós, Eça de |
||
| 260 |
_aSão Paulo _bAbril _c1971 |
||
| 300 | _a321 p. | ||
| 490 | 1 | _aOs Imortais da Literatura Universal | |
| 520 | _a"O Primo Basílio" é uma obra emblemática do realismo português, escrita por Eça de Queirós e publicada em 1878. O romance retrata a vida da burguesia lisboeta do século XIX, expondo suas hipocrisias e fragilidades, especialmente no que tange às instituições sociais como o casamento. A trama centraliza-se em Luísa, uma jovem casada com Jorge, que, durante a ausência do marido, envolve-se com seu primo Basílio, recém-chegado do Brasil. A relação adúltera é descoberta por Juliana, a empregada da casa, que passa a chantagear Luísa, desencadeando uma série de eventos trágicos. A obra oferece uma crítica mordaz à sociedade da época, explorando temas como o adultério, a moralidade e a hipocrisia social. | ||
| 650 | 0 |
_aLiteratura portuguesa _991 |
|
| 650 | 0 |
_aCrítica social _9514 |
|
| 650 | 0 |
_aClássicos _977 |
|
| 650 | 0 |
_aBurguesia _9572 |
|
| 650 | 0 |
_aAdultério e ciúme _9515 |
|
| 655 | 0 |
_aRomance _923 |
|
| 655 | 0 |
_aFicção _922 |
|
| 830 |
_aOs Imortais da Literatura Universal _9461 _vvol. 24 |
||
| 942 |
_2ddc _n0 _cBK |
||
| 999 |
_c294 _d294 |
||